| 000 | 00532nam a2200217Ia 4500 | ||
|---|---|---|---|
| 003 | OSt | ||
| 005 | 20220928140502.0 | ||
| 006 | a|||||r|||| 00| 0 | ||
| 007 | ta | ||
| 008 | 220927b |||||||| |||| 00| 0 eng d | ||
| 024 | _a8746 | ||
| 037 | _cTextual | ||
| 040 |
_aSDCL _cSDCL _beng |
||
| 041 |
_2eng _aeng |
||
| 082 | _aB280bX:8, L8 | ||
| 100 | _aLevin Richard I | ||
| 245 | 0 | _aStatistics for management . | |
| 260 | _c1978 | ||
| 942 |
_hB280bX:8, L8 _cTEXL _2CC |
||
| 999 |
_c811601 _d811601 |
||